00942nam a2200229 a 4500001001000000003000500010005001700015008004100032010001100073011001100084040000900095100003600104245018600140260004100326500006000367502009000427650002900517650002400546650003500570700003700605856007000642000114740CHAP20220817044802.0180403s2018 mx a fsm |||||||spa d a111201 a112173 cCHAP1 aHernández González, Leoncio10aAgricultura urbana en Tláhuac y Xochimilco, CDMX:h[En línea]bidentidad, género y relaciones sociales /cpor Leoncio Hérnandez González y José Alberto Pacheco Granillo. aChapingo, Méx. :bEl autor,c2018. aPara ver el contenido del material haga clic en la liga aTesis (Lic. en Redes Agroalimentarias) -- UACH. Centro Regional Universitario Oriente14aAgricultura sustentable.14aAgricultura urbana.14aEnfoque de génerozMéxico.1 aPacheco Granillo, José Ablerto aFinding aiduhttp://10.13.5.2/tesis/sist114740.pdfzTeclea aquí